Entrada Término temático
Número de registros utilizados en: 1
001 - NÚMERO DE CONTROL
003 - IDENTIFICADOR DEL NÚMERO DE CONTROL
- campo de control:
DR-UNIBE
005 - FECHA Y HORA DE LA ÚLTIMA TRANSACCIÓN
- campo de control:
20250728145632.0
008 - DATOS DE LONGITUD FIJA
- campo de control de longitud fija:
250728|| aca||aabn | a|a d
040 ## - FUENTE DE LA CATALOGACIÓN
- Centro catalogador/agencia de origen:
DR-UNIBE
- Centro/agencia transcriptor:
DR-UNIBE
650 ## -
- :
Iglesia y estado
- :
México
- :
1917-1940
- :
Casos
670 ## - FUENTE DE DATOS ENCONTRADOS
- Cita de la fuente:
Work cat.: (DR-UNIBE)113400: Mexico. Suprema Corte de Justicia de la Nación autor 194807, La Suprema Corte de Justicia y la cuestión religiosa, 1917-1940 /, 2006